The psychology of second language learning: papers from the Second International Congress of Applied Linguistics, Cambridge, 8-12 September 1969, (Record no. 77129)

MARC details
000 -LEADER
fixed length control field 00954nam a2200193 a 4500
008 - FIXED-LENGTH DATA ELEMENTS--GENERAL INFORMATION
fixed length control field 120416s1971 ||||||||||||||||| || u
020 ## - INTERNATIONAL STANDARD BOOK NUMBER
International Standard Book Number 0521082366
050 ## - LIBRARY OF CONGRESS CALL NUMBER
Classification number P 105 Int
100 ## - MAIN ENTRY--PERSONAL NAME
Personal name Pimsleur, Paul
245 14 - TITLE STATEMENT
Title The psychology of second language learning: papers from the Second International Congress of Applied Linguistics, Cambridge, 8-12 September 1969,
260 ## - PUBLICATION, DISTRIBUTION, ETC.
Place of publication, distribution, etc. Cabridge:
Name of publisher, distributor, etc. The University Press
Date of publication, distribution, etc. 1971
300 ## - PHYSICAL DESCRIPTION
Extent xi, 194p. : ill.
350 ## -
-- 0.00
650 ## - SUBJECT ADDED ENTRY--TOPICAL TERM
Topical term or geographic name entry element LANGUAGE AND LANGUAGES--STUDY AND TEACHING--PSYCHOLOGICAL ASPECTS--CONGRESSES
650 ## - SUBJECT ADDED ENTRY--TOPICAL TERM
Topical term or geographic name entry element PSYCHOLINGUISTICS--CONGRESSES
700 ## - ADDED ENTRY--PERSONAL NAME
Personal name Quinn, Terence
995 ## -
-- MAIN LIBRARY OPEN ACCESS
-- 0.00
-- 718159
-- CBU-MAIN LIBRARY (Kitwe)
-- 1
-- 4.00
-- P 105 Int
-- 1
-- AVAILABLE
-- 010433
-- Main Library Open Access Collection
995 ## -
-- MAIN LIBRARY OPEN ACCESS
-- 0.00
-- 714369
-- CBU-MAIN LIBRARY (Kitwe)
-- 2
-- 4.00
-- P 105 Int
-- 2
-- AVAILABLE
-- 010434
-- Main Library Open Access Collection
999 ## -
-- 77129
-- 77129
Holdings
Withdrawn status Lost status Source of classification or shelving scheme Damaged status Not for loan Permanent Location Current Location Shelving location Date acquired Total Checkouts Full call number Barcode Date last seen Copy number Price effective from Koha item type
          CBU-MAIN LIBRARY, KITWE. CBU-MAIN LIBRARY, KITWE.   04/25/2023   P 105 Int 010433 04/25/2023 1 04/25/2023 MONOGRAPH
          CBU-MAIN LIBRARY, KITWE. CBU-MAIN LIBRARY, KITWE.   04/25/2023   P 105 Int 010434 04/25/2023 2 04/25/2023 MONOGRAPH